| 000 | 00602nam a2200181Ia 4500 | ||
|---|---|---|---|
| 003 | IN-BaIIA | ||
| 008 | 211028s9999 xx 000 0 eng d | ||
| 040 | _cIIA Library | ||
| 080 |
_a535 _bPAS |
||
| 100 |
_aPasko, J.G. _912505 |
||
| 245 | 0 |
_aFIR optical modulation phenomena, final report (ADA 072095) _cJ. G. Pasko |
|
| 260 |
_aCalifornia _bRockwell International Science Center _c1979 |
||
| 300 | _a211p. | ||
| 650 |
_aElectro-Optical Modulation _912506 |
||
| 650 |
_aInfrared Modulation _912507 |
||
| 650 |
_aOptical Modulation _912508 |
||
| 942 | _cBK | ||
| 999 |
_c7303 _d7303 |
||